| 000 | 00781nam a2200229 a 4500 | ||
|---|---|---|---|
| 999 |
_c2550 _d2550 |
||
| 001 | 2550 | ||
| 003 | BD-JhCC | ||
| 005 | 20171104173443.0 | ||
| 008 | 171104r2007 bg |||| |||| 001 0 mul d | ||
| 020 | _a9842000399 | ||
| 035 | _a(BD-JhCC)2550 | ||
| 040 |
_aBD-JhCC _dBD-JhCC |
||
| 041 | _aben,eng | ||
| 082 |
_a415 _bMUS 2007 |
||
| 100 | _aমুসা, মনসুর | ||
| 245 |
_aবানান : _bবাংলা বর্ণমালা পরিচয় ও প্রতিবর্ণীকরণ/ _c মনসুর মুসা |
||
| 260 |
_aঢাকা : _bএ্যার্ডন পাবলিকেশন, _c২০০৭. |
||
| 300 |
_a১৪৮ পৃ. : _c২১ সেমি. |
||
| 650 |
_aSpelling _xBengali Grammar |
||
| 942 |
_2ddc _cBK |
||